Online
Catalog

Nociones de derecho comercial 1 / (Record no. 50957)

MARC details
000 -CABECERA
campo de control de longitud fija 01549nam a22003857a 4500
003 - IDENTIFICADOR DEL NÚMERO DE CONTROL
campo de control DO-SdBNP
005 - FECHA Y HORA DE LA ÚLTIMA TRANSACCIÓN
campo de control 20250603120044.0
007 - CAMPO FIJO DE DESCRIPCIÓN FÍSICA--INFORMACIÓN GENERAL
campo de control de longitud fija ta
008 - DATOS DE LONGITUD FIJA--INFORMACIÓN GENERAL
campo de control de longitud fija 211112b2018 dr a|||e |||| 001 0 spa d
020 ## - NÚMERO INTERNACIONAL ESTÁNDAR DEL LIBRO
Número Internacional Estándar del Libro 9789945580624
040 ## - FUENTE DE LA CATALOGACIÓN
Centro catalogador/agencia de origen DO-SdBNP
Lengua de catalogación spa
Centro/agencia transcriptor BNPHU
082 #4 - NÚMERO DE LA CLASIFICACIÓN DECIMAL DEWEY
Número de clasificación 346.729307
Número de documento/Ítem C822n
Número de edición 22
100 1# - ENTRADA PRINCIPAL--NOMBRE DE PERSONA
Nombre de persona Coronado, Manuel
9 (RLIN) 71688
245 10 - MENCIÓN DE TÍTULO
Título Nociones de derecho comercial 1 /
Mención de responsabilidad, etc. Manuel Coronado ; editor Lennys Tejada Betancourt.
250 ## - MENCIÓN DE EDICIÓN
Mención de edición 2da. ed.
260 ## - PUBLICACIÓN, DISTRIBUCIÓN, ETC.
Lugar de publicación, distribución, etc. Santiago de los Caballeros :
Nombre del editor, distribuidor, etc. UAPA,
Fecha de publicación, distribución, etc. 2018.
300 ## - DESCRIPCIÓN FÍSICA
Extensión 372 p. :
Otras características físicas il. ;
Dimensiones 27 cm.
490 1# - MENCIÓN DE SERIE
Mención de serie Autoaprendizaje ;
Designación de volumen o secuencia 4
504 ## - NOTA DE BIBLIOGRAFÍA, ETC.
Nota de bibliografía, etc. Incluye referencias bibliográficas.
505 0# - NOTA DE CONTENIDO CON FORMATO
Nota de contenido con formato Unidad 1. Definición y objeto del comercio.
505 ## - NOTA DE CONTENIDO CON FORMATO
Nota de contenido con formato Unidad 2. Derecho a ejercer el comercio.
505 ## - NOTA DE CONTENIDO CON FORMATO
Nota de contenido con formato Unidad 3. Derecho comercial y las fuentes de donde se nutre.
505 ## - NOTA DE CONTENIDO CON FORMATO
Nota de contenido con formato Unidad 4. Los actos de comercio, su clasificación. Las empresas.
505 ## - NOTA DE CONTENIDO CON FORMATO
Nota de contenido con formato Unidad 5. Las obligaciones de los comerciantes .
505 ## - NOTA DE CONTENIDO CON FORMATO
Nota de contenido con formato Unidad 6. El fondo de comercio.
505 ## - NOTA DE CONTENIDO CON FORMATO
Nota de contenido con formato Unidad 7. Los medios de pago en materia de comercio.
505 ## - NOTA DE CONTENIDO CON FORMATO
Nota de contenido con formato Unidad 8. Los contratos civiles en sus aplicaciones comerciales.
505 ## - NOTA DE CONTENIDO CON FORMATO
Nota de contenido con formato Unidad 9. Comercio electrónico y firma digital. Competencias.
505 ## - NOTA DE CONTENIDO CON FORMATO
Nota de contenido con formato Unidad 10. La bolsa de valores.
Título Anexos.
590 ## - NOTA LOCAL (RLIN)
Nota local Inventariado, 2021 / SA
650 10 - PUNTO DE ACCESO ADICIONAL DE MATERIA--TÉRMINO DE MATERIA
Término de materia o nombre geográfico como elemento de entrada Derecho mercantil
Subdivisión geográfica República Dominicana
9 (RLIN) 44865
700 1# - PUNTO DE ACCESO ADICIONAL--NOMBRE DE PERSONA
Nombre de persona Tejada Betancourt, Lennys,
Término indicativo de función/relación editor
9 (RLIN) 66105
910 ## - DATOS DE OPCIÓN DEL USUARIO (OCLC)
Datos de opción del usuario Saquino. Validado, 2022/MFF
942 ## - ELEMENTOS DE PUNTO DE ACCESO ADICIONAL (KOHA)
Fuente del sistema de clasificación o colocación Dewey Decimal Classification
Tipo de ítem Koha Libro
Holdings
Estado de retiro Estado de pérdida Fuente del sistema de clasificación o colocación Restricciones de uso No para préstamo Código de colección Localización permanente Ubicación/localización actual Ubicación en estantería Fecha de adquisición Fuente de adquisición Total de préstamos Signatura topográfica completa Código de barras Fecha visto por última vez Precio válido a partir de Tipo de ítem Koha Número de copia
    Dewey Decimal Classification Préstamo restringido   Patrimonio Dominicano Biblioteca Nacional Pedro Henríquez Ureña Biblioteca Nacional Pedro Henríquez Ureña Depósito 21.03.2019 Depósito Legal   BNPHU PD 346.729307 C822n 2021-28092 12.11.2021 12.11.2021 Libro  
    Dewey Decimal Classification Préstamo restringido   Patrimonio Dominicano Biblioteca Nacional Pedro Henríquez Ureña Biblioteca Nacional Pedro Henríquez Ureña Depósito 21.03.2019 Depósito Legal   BNPHU PD 346.729307 C822n 2021-28093 12.11.2021 12.11.2021 Libro e.2
    Dewey Decimal Classification Préstamo en sala   Dominicana de Servicio Biblioteca Nacional Pedro Henríquez Ureña Biblioteca Nacional Pedro Henríquez Ureña Depósito 21.03.2019 Depósito Legal   BNPHU DS 346.729307 C822n 2021-28094 12.11.2021 12.11.2021 Libro e.3

Powered by Koha